| 000 | 00985nas a2200325 4500 | ||
|---|---|---|---|
| 001 | BR0404055 | ||
| 003 | BR-BrBNA | ||
| 005 | 20231205104826.0 | ||
| 007 | ta | ||
| 008 | 230509b bl.|||p| |||| 00| 00por d | ||
| 040 |
_aBR-BrBNA _bpor _cBiblioteca Nacional de Agricultura |
||
| 041 | _a(En) | ||
| 072 | _aL02; L51 | ||
| 100 | 1 | _aCarciofi, A.C. | |
| 100 | 1 | _aPrada, C.S. | |
| 100 | 1 | _aMori, C.S. | |
| 100 | 1 | _aPrada, F. | |
| 245 | 1 | _aEvaluation of fruit-seed based diets for parrots (Amazona sp); 2: determination of digestibility, nitrogen balance, consumption and metabolizable energy | |
| 650 | _aPAPAGAIO | ||
| 650 | _aDIETA | ||
| 650 | _aSEMENTE | ||
| 650 | _aFRUTA | ||
| 650 | _aPROTEÍNA | ||
| 650 | _aDIGESTIBILIDADE APARENTE | ||
| 650 | _aNUTRIÇÃO ANIMAL | ||
| 650 | _aINGESTÃO | ||
| 773 | 0 |
_tArs Veterinária (Brazil) _xISSN 0102-6380 _g(Dec 2003), v. 19(3) p. 288-293 _wBR0404055 |
|
| 909 |
_a202311 _bLúcia _c55 _dLúcia Elande |
||
| 942 |
_2AGRIS _n0 _cANA |
||
| 999 |
_c179849 _d179849 |
||